Statistiche per Paesi con le più grandi forze armate

Clicka qui per fare il quiz!

Statistiche generali

  • Questo quiz è stato fatto 3.808 volte
  • Il punteggio medio è 13 su 20

Statistiche sulle risposte

MilitariPaese% Corretto
1.35 MStati Uniti
100%
2.18 MCina
99%
831 kRussia
98%
1.40 MIndia
91%
1.19 MCorea del Nord
87%
247 kGiappone
87%
335 kBrasile
86%
630 kCorea del Sud
78%
277 kMessico
77%
523 kIran
76%
654 kPakistan
72%
438 kEgitto
66%
355 kTurchia
64%
396 kIndonesia
58%
482 kVietnam
53%
361 kThailandia
44%
293 kColombia
39%
406 kMyanmar
29%
244 kSudan
25%
243 kSri Lanka
11%

Distribuzione punteggi

Percentile per numero di risposta

Percentuale di utenti per punteggio

I tuoi punteggi nel tempo

Non hai fatto questo quiz